000 01255ncm0a22003491 4500
001 RU\NLR\ONIZ\198192
005 20250624194731.0
010 _a5-352-00232-2
035 _aRU\NLR\ONIZ\GALA\5000012070\20140520140814
035 _a(NLR Aleph) 010888817
071 2 0 _aNM 608
090 _a10540602
_c10540602
100 _a20140520d2002 |||y0rusy50 ca
101 0 _arus
102 _aRU
200 1 _aМузыкальный букварь. Обучение по Вейсу
_bНоты
_e1-й г. обучения
_fП. Вейс
210 _aСанкт-Петербург
_cНота
_cАзбука-классика
_d2002
215 _a79 с.
_d29 см
225 1 _aШкольная классика
225 1 _aСольфеджио
300 _aКрат. биогр. справка: с. 4 обл.
300 _aКоммент.: с. 50-79
686 _aЩ907.11(2)
_vLBC/SL
_2rubbk
700 1 _9z08790
_aВейс
_bП. Ф.
_f1905-
_gПавел Филиппович
_4070
790 1 _9z08700
_aWeis
_bP. F.
_f1905-
_gPavel Filippovich
_4070
_7ba
801 0 _aRU
_bNLR
_c20140520
_gPSBO
801 1 _aRU
_bNLR
_c20140520
_2rusmarc
801 2 _aRU
_bNLR
_c20160216
852 _aNLR
_bМ
_jк-3/25970
_p280238
_t1
942 _cSCORE
980 _aNB